Sports Quiz

Random Sports or MLB Quiz

MLB 300 Win Pitchers Quiz Stats

 Plays Quiz Updated Aug 7, 2018

Score 0/24 Timer 04:00
3 Plays Today
Wins Pitcher % Correct
511Cy Young
89.2%
417Walter Johnson
85%
354Roger Clemens
82.1%
355Greg Maddux
81%
305Tom Glavine
75.4%
324Nolan Ryan
73.1%
303Randy Johnson
72.8%
311Tom Seaver
61.8%
329Steve Carlton
49.8%
363Warren Spahn
46.6%
373Christy Mathewson
45.6%
318Phil Niekro
42.3%
Wins Pitcher % Correct
324Don Sutton
37.1%
314Gaylord Perry
35.9%
300Lefty Grove
33.6%
373Grover Cleveland Alexander
32.6%
300Early Wynn
20.6%
361Pud Galvin
17.6%
326Eddie Plank
16%
361Kid Nichols
15.9%
310Charles Radbourn
14.3%
342Tim Keefe
13.1%
307Mickey Welch
9.7%
328John Clarkson
9.6%

You're not logged in!

Compare scores with friends on all Sporcle quizzes.
OR
Log In

Sporcle TV

Today on Sporcle TV


Watch our educational content, quiz creation guides, and fun videos on Sporcle TV.

Show Comments

Extras

Top Quizzes Today


Score Distribution

Your Account Isn't Verified!

In order to create a playlist on Sporcle, you need to verify the email address you used during registration. Go to your Sporcle Settings to finish the process.

Report this User

Report this user for behavior that violates our Community Guidelines.

Details: